| 000 | 00794nam0a22002411 4500 | ||
|---|---|---|---|
| 001 | rc\1146009 | ||
| 005 | 20041129084449.5 | ||
| 035 | _a(NLR Aleph) 006392061 | ||
| 090 |
_a5157402 _c5157402 |
||
| 100 | _a20041129d1980 u |0rusy50 ca | ||
| 101 | 0 | _arus | |
| 102 | _aRU | ||
| 105 | _aa ||||||||| | ||
| 200 | 1 |
_aРассказ о неизвестном герое _eСтихи _fС. Маршак _gРис. В. Самойлова |
|
| 210 |
_aМ. _cДет. лит. _d1980 |
||
| 215 |
_a32 с. _cцв. ил. _d27 |
||
| 225 | 1 |
_aШкольная библиотека _iДля начальной школы |
|
| 700 | 1 |
_aМаршак _bС. Я. _f1887-1964 _gСамуил Яковлевич |
|
| 801 | 0 |
_aRU _bNLR _gpsbo |
|
| 801 | 1 |
_aRU _bELAR _2rusmarc |
|
| 852 |
_aNLR _j81-8/84 |
||
| 942 | _cBOOK | ||
| 980 | _aNB | ||